000 00969aab a2200193 i 4500
001 768714001
003 CO-MdFUSB
005 20241002062722.0
008 240410t1984 ag ||||| |||| 00| 0 spa d
040 _bspa
_cCO-MdFUSB
041 _aspa
100 1 _aDeiros, Pablo A. (Alberto) (1945-)
_eautor
245 _aMisioneros a pesar de todo
_c/ Pablo A. Deiros
300 _aVolumen 3, número 4 (diciembre, 1984), páginas: 151 - 153
_c; 27 cm
520 _aPerspectiva histórica del siglo IV, cuando Etiopía ya había establecido, organizado, expandido y nombrado su propio obispo como una forma de cristianismo. Además, muestra como las personas y las circunstancias bajo el gobierno soberano de Dios conducen a la expansión de la fe en Cristo.
650 7 _aCristianismo
_xHistoria
_y0030-0600 (Iglesia primitiva)
_2
_9217
773 0 _tIglesia y Misión
_049402
_959687
_gVolumen 3, número 4 (diciembre, 1984), páginas: 151 - 153
_qpágina: 151
942 _cANA
999 _c51538
_d51538